000 00303nam a22001337a 4500
020 _a978-93-5107-021-4
041 _aENG
100 _aW T W ( Bill ) Cory
245 _aFans & Ventilation A Practical guide
260 _aUK
_bElesevier
_c2013
300 _a424
650 _aFS
856 _uFS ( 29 )
999 _c2580
_d2580